Kizo - rozpoznaj utwór po tekscie - Statystyki

Ogólne statystyki
  • Ten quiz został rozwiązany 500 razy
  • Średni wynik to 5 z 15
Statystyki odpowiedzi
Odpowiedź % Poprawnych
Jestem jak Pegaz, jedyny skrzydlaty koń tej gry Gdy ty próbujesz dojechać na Prince z plecakiem dotarłem na szczyt Pegaz
80%
Nie mam trampek Valentino, ale nowe klapki z Japonii Z nią piję wino, dla niej samiec alfa w koło uczucia giną A dla nas to standard Na balkonie na pół blanta Ty siekasz w kinol przy pijackich szantach Mr.Gino
68%
Moi kumple dalej incognito, Nic się nie zmienia, Turbo Porsche Carrera, Sen powoli się spełnia Czempion
63%
Życia smak pyszny, został uraz psychiczny Dla tej gry jestem chyba zbyt autentyczny Stan rzeczy faktyczny, chłód arktyczny Nasza bawełna grzeje drożej niż piec elektryczny Banger King
45%
Takie hity, to już norma, przy nich znika cała torba Czyste złoto to nie tombak, młody talent jak Pogba Cichociemni
42%
Dobre wyjebane skoki, tylko nowe Poduszeczki mam na nodze, jak przychodzę Rano trzeba kupić bułki tylko samochodem Przyjemniaczki
34%
Wykręcasz cyfry i dzwonisz po cyfry Wykręcasz cyfry i dzwonisz po cyfry Zawsze ktoś trafiał się chytry, najlepiej wychodził ten sprytny Empik
28%
Na nazwisko mam sukces, na nazwisko mam sukces Pochodzę z miejsca, gdzie nie pytają cię o zdrowie tylko o budżet Nazwisko
25%
Cierpy wożą kurwy po nocy Apartamenty kręcone pornosy Diler na warcie dzwonią po nosy Emka tuli jak ciepły kocyk Moonlight
21%
Byłbym mistrzem wypracowań, wciąż różne tematy Tu są zmęczone płuca, nie ręce od pracy I nocami w fajnych (wrrr) pijemy Capri Sun'y Taki Zwyczaj
19%
Byłem raz w Hiszpanii, wrażenie zrobiły palmy Mam parę miejsc gdzie: "proszę stańmy i zapalmy" Mimo, że świat się stał tak mocno materialny To dla mnie jest idealny, taki łatwopalny Ogień
16%
Leje się Stock, trapy na blok Jointy, nie proch, newschoolowy lot Obrazy ulicy, a nie Van Gogh Ortalion
15%
Jaram se trawkę, za moją zajawkę, tu ciągle spotyka mnie hejt Lachę na to kładę, mam najlepszą pakę, drużynę, jak w NBA Stile di Vita
15%
Wyścig z wami wydaje się być nierówny Taka jazda wpędzić potrafi do trumny Świst jak w Turbo, styl mamy brudny Chciałem tylko, by każdy z familii był dumny Turbo
14%
Jakąś czuć tu miętę, to nie herbatki Earl Grey Do tego weedem dyfi, warsztat wypuszcza pętle Trap od kuchni, nadal biegam i chuj w te sznurówki TRAPsterka
10%
Nie znaleziono quizów pasujących do podanych kryteriów
Rozkład punktacji
Procent ludzi z każdym wynikiem
Percentyl według liczby udzielonych odpowiedzi
Twoja historia wyników
Nie rozwiązałeś tego quizu